| 000 | 01485aam a2200325 a 4500 | ||
|---|---|---|---|
| 001 | 015810848 | ||
| 003 | Uk | ||
| 005 | 20120106115253.0 | ||
| 008 | 110614s2012 maua b |001 0|eng c | ||
| 020 | _a027375453X | ||
| 020 | _a9780273754534 | ||
| 020 | _z0273754548 (Student access code) | ||
| 020 | _z9780273754541 (Student access code) | ||
| 082 | 0 | 4 |
_a025.04 _222 _bLAU |
| 100 | 1 |
_aLaudon, Kenneth C., _d1944- _930118 |
|
| 245 | 1 | 0 |
_aManagement Information Systems : _bManaging the Digital Firm / _cKenneth C. Laudon, Jane P. Laudon. |
| 250 | _a12th ed., Global ed. | ||
| 260 |
_aBoston ; _aLondon : _bPearson, _cc2012. |
||
| 300 |
_a630 p. : _bcol. ill. ; _c28 cm. |
||
| 500 | _aStudent access code card inserted. | ||
| 504 | _aIncludes bibliographical references and index. | ||
| 650 | 0 |
_aManagement information systems. _930119 |
|
| 653 |
_bCS _cJune2012 |
||
| 700 | 1 |
_aLaudon, Jane Price. _930120 |
|
| 942 |
_2ddc _cBB |
||
| 999 |
_c16767 _d16767 |
||